000 00288nam a22001337a 4500
008 170315b xxu||||| |||| 00| 0 eng d
020 _a0815193297
041 _aeng
080 _a611
100 _a7
101 _aSHM
245 _aCOLOR ATLAS OF VENEROLOGY
_cWISDOM, A
942 _2udc
_cBK
999 _c7880
_d7880